Úspěšný manažerský start jak se z řadového zaměstnance stát efektivním manažerem a začít řídit úspěšný tým

Saved in:
Bibliographic Details
Main Author: Moses, Chris
Format: Book
Language:Czech
Published: Liberec Stair Jumper 2024
Edition:1. vydání
Subjects:
Tags: Add Tag
No Tags, Be the first to tag this record!

MARC

LEADER 00000nam a2200000 4500
001 0308428
005 20250616093236.3
020 |a 978-80-907289-6-7 
041 0 |a cze 
044 |a CZ 
245 1 0 |a Úspěšný manažerský start  |b jak se z řadového zaměstnance stát efektivním manažerem a začít řídit úspěšný tým  |c Chris Moses 
250 |a 1. vydání 
264 1 |a Liberec  |b Stair Jumper  |c 2024 
300 |a 134 s. 
610 2 0 |a manažéri 
610 2 0 |a manažment 
610 2 0 |a riadenie 
610 2 0 |a sebariadenie 
610 2 0 |a lídri 
610 2 0 |a vedenie ľudí 
610 2 0 |a vodcovstvo 
100 1 |a Moses, Chris